SZČO a zdravotné poistenie po 1. septembri 2005

Súhrn najdôležitejších zmien v zdravotnom poistení samostatne zárobkovo činnej osoby (SZČO) od 1.9.2005. Kto sa považuje za SZČO. Minimálny a maximálny vymeriavací základ. Najmenšia a najväčšia možná suma preddavku poistného. Ročné zúčtovanie. Povinnosti SZČO. Pokuty.

Salvato in:
Dettagli Bibliografici
Autore principale: Mihál, Jozef
Natura: Capitolo di libro
Lingua:slovacco
Soggetti:
Tags: Aggiungi Tag
Nessun Tag, puoi essere il primo ad aggiungerne!!

MARC

LEADER 00000naa$a2200000$$$4500
001 0034267
005 20231109090635.0
041 0 |a slo 
044 |a SK 
245 1 0 |a SZČO a zdravotné poistenie po 1. septembri 2005  |c Jozef Mihál 
520 |a Súhrn najdôležitejších zmien v zdravotnom poistení samostatne zárobkovo činnej osoby (SZČO) od 1.9.2005. Kto sa považuje za SZČO. Minimálny a maximálny vymeriavací základ. Najmenšia a najväčšia možná suma preddavku poistného. Ročné zúčtovanie. Povinnosti SZČO. Pokuty. 
610 2 0 |a poistenie zdravotné 
610 2 0 |a poistníci 
610 2 0 |a poistné 
610 2 0 |a preddavky 
610 2 0 |a základ vymeriavací 
610 2 0 |a zúčtovanie 
610 2 0 |a pokuty 
610 2 0 |a legislatíva 
100 1 |a Mihál, Jozef